High-Speed Europe Summary Report of the Group
Gespeichert in:
| Format: | Buch |
|---|---|
| Sprache: | Englisch |
| Veröffentlicht: |
Brussels
European Commission
1995
|
| Ausgabe: | 1. ed. |
| Schlagworte: | |
| Tags: |
Keine Tags, Fügen Sie das erste Tag hinzu!
|
MARC
| LEADER | 00000nam a2200000 4500 | ||
|---|---|---|---|
| 001 | c017244 | ||
| 005 | 20221205133051.8 | ||
| 041 | 0 | |a eng | |
| 044 | |a LU | ||
| 245 | 1 | 0 | |a High-Speed Europe |b Summary Report of the Group |
| 250 | |a 1. ed. | ||
| 264 | 1 | |a Brussels |b European Commission |c 1995 | |
| 300 | |a 32 s. | ||
| 610 | 2 | 0 | |a Európska únia |
| 610 | 2 | 0 | |a Európske spoločenstvá |
| 610 | 2 | 0 | |a siete dopravné |
| 610 | 2 | 0 | |a komunikácia |
| 610 | 2 | 0 | |a doprava |
| 610 | 2 | 0 | |a vývoj hospodársky |
| 610 | 2 | 0 | |a financovanie investícií |